|
|
|
|
| LEADER |
00000cac a2200000 a 4500 |
| 001 |
57650 |
| 003 |
Ucuenca |
| 005 |
20230308161917.0 |
| 008 |
974081|1972 mx |||||r|||||||||||spa|| |
| 040 |
|
|
|b spa
|
| 041 |
1 |
|
|a spa
|
| 082 |
0 |
|
|a 337
|
| 100 |
1 |
|
|a Cevallos, Gonzalo
|9 30185
|
| 245 |
|
3 |
|a La Integración económica de la América Latina
|c Gonzalo Cevallos. Traducción de Carlos Villegas García
|h imp
|
| 246 |
|
1 |
|a L'intégration Économique de L'America Latine
|
| 264 |
|
|
|a México
|b Fondo de Cultura Económica
|c 1972
|
| 300 |
|
|
|a 360 páginas:
|c 21 cm
|
| 490 |
|
|
|a Obras de Economía
|
| 504 |
|
|
|a incl. ref.
|
| 650 |
|
0 |
|a Integración económica
|9 877
|
| 650 |
|
|
|a Integracion latinoamericana
|9 2178
|
| 650 |
|
0 |
|a América Latina
|9 878
|
| 852 |
|
|
|a UC-CDJBV
|f Compra
|l 1
|m General
|p 19740812
|q 112.00
|r 2
|t 57650
|y 150046
|b 0
|d CDRC
|e CDRC
|g 337 PRIMER PISO
|z 1974-40-81
|
| 942 |
|
|
|c CR
|
| 999 |
|
|
|c 16180
|d 16180
|